FOURIER ANALYSIS WITH APPLICATIONS TO BOUNDARY VALUE PROBLEMS (Record no. 26812)
[ view plain ]
| 000 -LEADER | |
|---|---|
| fixed length control field | 00863cam a2200241ua 4500 |
| 001 - CONTROL NUMBER | |
| control field | 23564 |
| 008 - FIXED-LENGTH DATA ELEMENTS--GENERAL INFORMATION | |
| fixed length control field | 190710n2016 II |||gr||||Z||||||eng |
| 041 ## - LANGUAGE CODE | |
| Language code of text/sound track or separate title | eng |
| 082 ## - DEWEY DECIMAL CLASSIFICATION NUMBER | |
| Classification number | 515.243 3 |
| 100 1# - MAIN ENTRY--PERSONAL NAME | |
| Personal name | SPIEGEL, MURRAY R. |
| 245 ## - TITLE STATEMENT | |
| Title | FOURIER ANALYSIS WITH APPLICATIONS TO BOUNDARY VALUE PROBLEMS |
| Medium | Textual Documents |
| 250 ## - EDITION STATEMENT | |
| Edition statement | 13TH. |
| 260 ## - PUBLICATION, DISTRIBUTION, ETC. | |
| Place of publication, distribution, etc. | NEW DELHI |
| Name of publisher, distributor, etc. | MCGREW HILL |
| Date of publication, distribution, etc. | 2016 |
| 300 ## - PHYSICAL DESCRIPTION | |
| Extent | 191.: |
| Dimensions | 20CM. |
| 500 ## - GENERAL NOTE | |
| General note | RUSA |
| 653 ## - INDEX TERM--UNCONTROLLED | |
| Uncontrolled term | Fourier Analysis |
| 700 1# - ADDED ENTRY--PERSONAL NAME | |
| Personal name | SPIEGEL, MURRAY R.,1 |
| Relator term | AUTHOR. |
| Withdrawn status | Lost status | Source of classification or shelving scheme | Damaged status | Not for loan | Collection code | Home library | Current library | Shelving location | Date acquired | Full call number | Barcode | Date last seen | Price effective from | Koha item type | Public note | Total Checkouts | Date last checked out |
|---|---|---|---|---|---|---|---|---|---|---|---|---|---|---|---|---|---|
| Dewey Decimal Classification | TBPHY | Central Library and Information Centre Sibsagar Girls College | Central Library and Information Centre Sibsagar Girls College | PHYSICS BOOK RACK | 28.08.2017 | 515.243 3 | 37643 | 02.05.2023 | 02.05.2023 | Books | V | ||||||
| Dewey Decimal Classification | TBPHY | Central Library and Information Centre Sibsagar Girls College | Central Library and Information Centre Sibsagar Girls College | PHYSICS BOOK RACK | 28.08.2017 | 515.243 3 | 37644 | 02.05.2023 | 02.05.2023 | Books | V | ||||||
| Dewey Decimal Classification | TBPHY | Central Library and Information Centre Sibsagar Girls College | Central Library and Information Centre Sibsagar Girls College | PHYSICS BOOK RACK | 28.08.2017 | 515.243 3 | 37645 | 02.05.2023 | 02.05.2023 | Books | V | ||||||
| Dewey Decimal Classification | TBPHY | Central Library and Information Centre Sibsagar Girls College | Central Library and Information Centre Sibsagar Girls College | PHYSICS BOOK RACK | 28.08.2017 | 515.243 3 | 37646 | 25.06.2024 | 02.05.2023 | Books | V | 1 | 05.03.2024 | ||||
| Dewey Decimal Classification | TBPHY | Central Library and Information Centre Sibsagar Girls College | Central Library and Information Centre Sibsagar Girls College | PHYSICS BOOK RACK | 28.08.2017 | 515.243 3 | 37647 | 02.05.2023 | 02.05.2023 | Books | V |